000 00455nam a22001577a 4500
999 _c63032
_d63032
005 20181122152122.0
020 _a8188153004
_c00.00
035 _aB-108535, B-108556,B-108560, B-108551
037 _aDPL
_bENG
100 _aGupta, R
245 _aMS Office 2000 /
_cby R. Gupta
260 _aDelhi
_bNipun Publications
_c2005
300 _a247p.
_c22 cms.
942 _2ddc
_cEN
_h005.3
_mGUP